Piquillines / (Registro nro. 8288)

Detalles MARC
000 -LIDER
fixed length control field 00787nam a22002777a 4500
001 - NÚMERO DE CONTROL
Identificador de número de control 0074
003 - IDENTIFICACDOR DE NÚMERO DE CONTROL
control field DO-SdBNP
005 - DATE AND TIME OF LATEST TRANSACTION
control field 20180223153215.0
007 - CAMPOS FIJOS DE DESCRIPCIÓN FÍSICA
fixed length control field 0074
008 - ELEMENTOS DE LONGITUD FIJA
fixed length control field 150925b 2011 ag ac 00| 0 spa d
020 ## - ISBN
International Standard Book Number 9789876080941
040 ## - FUENTE DE CATALOGACIÓN
Agencia que crea de manera original el registro BPMSU
Idioma de catalogación spa
Agencia que realiza la transcripción BPMSU
082 #4 - NÚMERO DE CLASIFICACIÓN DECIMAL DE DEWEY
Classification number 372.87
Item number R237p
100 10 - ASIENTO PRINCIPAL -- NOMBRE PERSONAL
Nombre personal Ratti, Marcelo
245 10 - MENCIÓN DE TITULO
Título Piquillines /
Mención de responsabilidad Marcelo Ratti, ilustraciones Paola Franco
246 ## - VARIACION DEL TÍTULO
Título propiamente dicho o título corto Piquillines: cancionero infantil /
260 ## - PUBLICACIÓN, DISTRIBUCIÓN, ETC. (PIE DE IMPRENTA)
Lugar de publicación, distribución, etc Argentina :
Nombre del editor, distribuidor, etc. Landeira,
Fecha de publicación, distribución, etc 2011.
300 ## - DESCRIPCIÓN FÍSICA
Extensión 190 p. :
Otros detalles físicos ils.,
Dimensiones 32 cm + CD-ROM
650 ## - ENCABEZAMIENTO DE MATERIA--TEMÁTICO
Término temático o nombre geográfico como elemento de entrada CANCIONES INFANTILES
650 ## - ENCABEZAMIENTO DE MATERIA--TEMÁTICO
Término temático o nombre geográfico como elemento de entrada JUEGOS CON MÚSICA
700 ## - ASIENTO SECUNDARIO -- NOMBRE PERSONAL
Nombre personal Franco, Paola,
Mención de responsabilidad il.
942 ## - ADDED ENTRY ELEMENTS (KOHA)
Source of classification or shelving scheme Dewey Decimal Classification
Koha item type Libros
945 ## - INFORMACIÓN DE PROCESAMIENTO LOCAL
Información de procesamiento local Inventariado, 2018/ YL
956 ## - LOCAL ELECTRONIC LOCATION AND ACCESS (OCLC)
Nombre de host Brenda Tavárez
956 ## - LOCAL ELECTRONIC LOCATION AND ACCESS (OCLC)
Nombre de host Validado. Control de calidad MFF
Existencias
Withdrawn status Lost status Source of classification or shelving scheme Damaged status Not for loan Collection code Home library Current library Date acquired Source of acquisition Total Checkouts Full call number Barcode Date last seen Price effective from Koha item type Copy number
    Dewey Decimal Classification     Colección Infantil General Biblioteca Pública Metropolitana Salomé Ureña Biblioteca Pública Metropolitana Salomé Ureña 09/25/2015 Compra   372.87 R237p BPMSU15090159 09/25/2015 09/25/2015 Libros  
    Dewey Decimal Classification     Colección Infantil General Biblioteca Pública Metropolitana Salomé Ureña Biblioteca Pública Metropolitana Salomé Ureña 09/25/2015 Compra   372.87 R237p BPMSU15090160 09/25/2015 09/25/2015 Libros ej. 2